| 000 | 00682nam a22002057a 4500 | ||
|---|---|---|---|
| 003 | NUST | ||
| 005 | 20230302123119.0 | ||
| 008 | 190730b ||||| |||| 00| 0 eng d | ||
| 038 | _aMr. Noman | ||
| 082 | _a658 | ||
| 100 |
_aAhmed, Zainab Cheema _918835 |
||
| 245 |
_aBusiness Policy of Non Profit Organizations: _bCase of Akhuwat; Empowering Empowering Society through Interest Free Loans _cZainab Ahmed Cheema. |
||
| 260 |
_aIslamabad: _bNBS - NUST, _c2016. |
||
| 300 |
_a53 p.: ill.; _c30cm. |
||
| 500 | _aHardcover. | ||
| 650 |
_aMBA Thesis. _917629 |
||
| 700 |
_aAbid Khawaja. _918836 |
||
| 856 | _uhttp://10.250.8.41:8080/xmlui/handle/123456789/20016 | ||
| 942 |
_2ddc _cTHE |
||
| 999 |
_c527526 _d527526 |
||